000 00293nam a2200121 a 4500
008 101025s1971|||| d
100 1 _aLenčo, Ján
245 1 0 _aPomsta zo záhrobia
260 _bSlovenský spisovateľ
_aBratislava
_c1971
020 _c13
044 _axo
_cSK
041 _aslo
999 _c12136
_d12136